000 00373nam a2200133Ia 4500
001 14917
003 GE_BSU
008 181216s||||||||xx |||||||||||||| ||und||
040 _cGE_BSU
100 _aБермант,А.Ф.
245 _aКурс математического анализа. ч.1
653 _aКурс математического анализа
942 _cBK
999 _c48037
_d48037